[Event "New York Summer 1000 GM IM-B"]
[Site "New York"]
[Date "2023.07.08"]
[Round "4.3"]
[White "Pang, Qi"]
[Black "Colas, Joshua"]
[Result "1/2-1/2"]
[WhiteElo "2193"]
[BlackElo "2294"]
[PlyCount "49"]
[EventDate "2023.07.06"]
[EventType "schev"]
[EventRounds "9"]
[EventCountry "USA"]
[SourceTitle "CBM 215 Extra"]
[Source "ChessBase"]
[SourceDate "2023.09.30"]
[SourceVersion "1"]
[SourceVersionDate "2023.09.30"]
[SourceQuality "1"]
[WhiteTeam "Team B"]
[BlackTeam "Team C"]
[WhiteTeamCountry "USA"]
[BlackTeamCountry "USA"]

1. d4 d5 2. Nf3 Nf6 3. g3 e6 4. Bg2 Be7 5. 0-0 0-0 6. c4 dxc4 7. Qc2 a6 8. a4 Bd7 9. Qxc4 Bc6 10. Nc3 a5 11. Bg5 Nbd7 12. Rfe1 h6 13. Bxf6 Nxf6 14. e4 Bb4 15. Ne5 Be8 16. Nd3 Bxc3 17. Qxc3 c6 18. Red1 Bd7 19. b4 axb4 20. Qxb4 Qa5 21. Rdb1 Qxb4 22. Rxb4 b5 23. Nc5 Rfd8 24. Rc1 Be8 25. axb5 1/2-1/2

[Event "Titled Tuesday intern op 27th Jun Early"]
[Site "Chess.com INT"]
[Date "2023.06.27"]
[Round "6"]
[White "Fridman, Daniel"]
[Black "Colas, Joshua"]
[Result "1-0"]
[WhiteElo "2586"]
[BlackElo "2294"]
[PlyCount "67"]
[EventDate "2023.06.27"]
[EventType "swiss (blitz)"]
[EventRounds "11"]
[EventCountry "USA"]
[SourceTitle "EXT 2024"]
[Source "ChessBase"]
[SourceDate "2023.10.10"]
[SourceVersion "1"]
[SourceVersionDate "2023.10.10"]
[SourceQuality "1"]

1. d4 d5 2. Nf3 Nf6 3. c4 e6 4. g3 dxc4 5. Bg2 Nc6 6. 0-0 Rb8 7. Nc3 a6 8. e4 Be7 9. d5 Na5 10. Qa4+ c6 11. d6 Bf8 12. e5 Nd5 13. Nxd5 exd5 14. Bd2 c3 15. Bxc3 Nc4 16. b3 b5 17. Qb4 Nb6 18. Qc5 Nd7 19. Qxc6 Bb7 20. Qc7 Qxc7 21. dxc7 Rc8 22. Ba5 Bc5 23. Rac1 Bb6 24. Bxb6 Nxb6 25. Nd4 0-0 26. Bh3 Ra8 27. Nc6 Kh8 28. Na5 Bc8 29. Bxc8 Raxc8 30. Rc6 Nd7 31. f4 Rfe8 32. Rfc1 Nf8 33. Nb7 Ne6 34. Nd6 1-0

[Event "Titled Tuesday intern op 27th Jun Early"]
[Site "Chess.com INT"]
[Date "2023.06.27"]
[Round "3"]
[White "Pandey, Srishti"]
[Black "Colas, Joshua"]
[Result "0-1"]
[WhiteElo "2188"]
[BlackElo "2294"]
[PlyCount "110"]
[EventDate "2023.06.27"]
[EventType "swiss (blitz)"]
[EventRounds "11"]
[EventCountry "USA"]
[SourceTitle "EXT 2024"]
[Source "ChessBase"]
[SourceDate "2023.10.10"]
[SourceVersion "1"]
[SourceVersionDate "2023.10.10"]
[SourceQuality "1"]

1. e4 c5 2. Nf3 d6 3. d4 cxd4 4. Nxd4 Nf6 5. Nc3 g6 6. Be3 Bg7 7. f3 0-0 8. Qd2 Nc6 9. 0-0-0 d5 10. exd5 Nxd5 11. Nxc6 bxc6 12. Bd4 e5 13. Bc5 Re8 14. Ne4 Be6 15. h4 h6 16. Bc4 Qc7 17. h5 g5 18. g4 Rad8 19. Qf2 Nf4 20. Bxe6 Nxe6 21. Bxa7 Nd4 22. Bxd4 exd4 23. a3 Qf4+ 24. Rd2 c5 25. Ng3 d3 26. c3 c4 27. Re1 Rxe1+ 28. Qxe1 Qxf3 29. Nf5 Qxg4 30. Nxg7 Kxg7 31. Qe5+ Kg8 32. Qf6 Qe6 33. Qxd8+ Kg7 34. Qd4+ Kh7 35. Qf2 f5 36. Rd1 f4 37. Re1 Qf7 38. Qf3 Kg7 39. Re5 Qd7 40. Kd2 Qa7 41. Kc1 Qg1+ 42. Qd1 Qg2 43. Kb1 f3 44. Qa4 Qc2+ 45. Qxc2 dxc2+ 46. Kxc2 Kf6 47. Re1 Kf5 48. Kd2 Kf4 49. Rf1 g4 50. a4 g3 51. a5 g2 52. Ke1 Kg3 53. a6 f2+ 54. Ke2 g1Q 55. a7 Qg2 0-1

[Event "Titled Tuesday intern op 30th May Early"]
[Site "Chess.com INT"]
[Date "2023.05.30"]
[Round "1"]
[White "Zaksaite, Salomeja"]
[Black "Colas, Joshua"]
[Result "0-1"]
[WhiteElo "2283"]
[BlackElo "2342"]
[PlyCount "74"]
[EventDate "2023.05.30"]
[EventType "swiss (blitz)"]
[EventRounds "11"]
[EventCountry "USA"]
[SourceTitle "CBM 214 Extra"]
[Source "ChessBase"]
[SourceDate "2023.07.31"]
[SourceVersion "1"]
[SourceVersionDate "2023.07.31"]
[SourceQuality "1"]

1. e4 c5 2. Nf3 e6 3. g3 Nf6 4. Qe2 d5 5. exd5 Nxd5 6. Bg2 Be7 7. 0-0 0-0 8. Nc3 Nxc3 9. dxc3 Nc6 10. Rd1 Qb6 11. b3 Bf6 12. Qe3 Nb4 13. cxb4 Bxa1 14. bxc5 Qa5 15. a3 Qc3 16. Qxc3 Bxc3 17. b4 e5 18. Rd3 Ba1 19. Nd2 Bf5 20. Be4 Bxe4 21. Nxe4 f5 22. Nd6 e4 23. Rd5 Rad8 24. Be3 g6 25. c4 Bf6 26. Nxb7 Rc8 27. b5 g5 28. c6 Be7 29. a4 a6 30. Bc5 Bxc5 31. Rxc5 axb5 32. cxb5 f4 33. Rxg5+ Kh8 34. gxf4 Rxf4 35. a5 e3 36. a6 exf2+ 37. Kf1 Re8 0-1

[Event "Titled Tuesday intern op 23rd May Early"]
[Site "Chess.com INT"]
[Date "2023.05.23"]
[Round "2"]
[White "Doluhanova, Evgeniya"]
[Black "Colas, Joshua"]
[Result "1-0"]
[WhiteElo "2275"]
[BlackElo "2342"]
[PlyCount "81"]
[EventDate "2023.05.23"]
[EventType "swiss (blitz)"]
[EventRounds "11"]
[EventCountry "USA"]
[SourceTitle "CBM 214 Extra"]
[Source "ChessBase"]
[SourceDate "2023.07.31"]
[SourceVersion "1"]
[SourceVersionDate "2023.07.31"]
[SourceQuality "1"]

1. Nf3 d5 2. g3 Nf6 3. Bg2 e6 4. 0-0 Be7 5. d3 0-0 6. Nbd2 Nc6 7. e4 dxe4 8. Nxe4 Nxe4 9. dxe4 e5 10. c3 Be6 11. Be3 Qxd1 12. Rfxd1 f6 13. Bf1 a6 14. Nd2 Rad8 15. Bc4 Kf7 16. Bxe6+ Kxe6 17. Nb3 b6 18. Kf1 h5 19. Ke2 a5 20. a4 Rd6 21. Nd2 Rfd8 22. Nc4 Rxd1 23. Rxd1 Rxd1 24. Kxd1 Nd8 25. b3 Nb7 26. f3 g5 27. h3 Bc5 28. Bd2 Bf2 29. g4 hxg4 30. hxg4 Nc5 31. Kc2 Bg3 32. Nb2 Nd7 33. b4 Bf2 34. Nc4 axb4 35. cxb4 c6 36. a5 b5 37. Be3 Be1 38. a6 bxc4 39. a7 Bxb4 40. a8Q Be7 41. Qxc6+ 1-0

[Event "Titled Tuesday intern op 23rd May Late"]
[Site "Chess.com INT"]
[Date "2023.05.23"]
[Round "2"]
[White "Schuster, Karsten"]
[Black "Colas, Joshua"]
[Result "1/2-1/2"]
[WhiteElo "2309"]
[BlackElo "2342"]
[PlyCount "116"]
[EventDate "2023.05.23"]
[EventType "swiss (blitz)"]
[EventRounds "11"]
[EventCountry "USA"]
[SourceTitle "EXT 2024"]
[Source "ChessBase"]
[SourceDate "2023.10.10"]
[SourceVersion "1"]
[SourceVersionDate "2023.10.10"]
[SourceQuality "1"]

1. d4 Nf6 2. c4 e6 3. Nc3 Bb4 4. Qc2 0-0 5. a3 Bxc3+ 6. Qxc3 b6 7. Bg5 Bb7 8. e3 h6 9. Bh4 d6 10. f3 Nbd7 11. Bd3 e5 12. Ne2 Re8 13. 0-0-0 c5 14. dxe5 Nxe5 15. Bf5 Qe7 16. Rhe1 Rad8 17. Bb1 d5 18. cxd5 Rxd5 19. Rxd5 Bxd5 20. Ng3 Ng6 21. Bxf6 Qxf6 22. Qxf6 gxf6 23. Nf5 h5 24. Rd1 Be6 25. Nd6 Rd8 26. Nb5 Rxd1+ 27. Kxd1 a6 28. Nc7 Bc4 29. Ne8 Nh4 30. Nxf6+ Kh8 31. Nxh5 Nxg2 32. Kd2 Nh4 33. Be4 f5 34. Bb7 b5 35. Nf6 b4 36. Nd7 bxa3 37. bxa3 f4 38. exf4 Kg7 39. Nxc5 a5 40. Be4 Kf6 41. Kc3 Be2 42. Nb7 Bxf3 43. Bxf3 Nxf3 44. Nxa5 Nxh2 45. Nc4 Ke6 46. Kd4 Nf3+ 47. Ke3 Ne1 48. a4 Nc2+ 49. Ke4 Nb4 50. a5 Na6 51. f5+ Kf6 52. Nd6 Nc5+ 53. Kf4 Nd3+ 54. Ke3 Nb4 55. Kd4 Nc6+ 56. Kc5 Nxa5 57. Kb5 Nb7 58. Nxb7 Kxf5 1/2-1/2

[Event "Titled Tuesday intern op 23rd May Early"]
[Site "Chess.com INT"]
[Date "2023.05.23"]
[Round "4"]
[White "Valle Luis, Leo"]
[Black "Colas, Joshua"]
[Result "1-0"]
[WhiteElo "2354"]
[BlackElo "2342"]
[PlyCount "61"]
[EventDate "2023.05.23"]
[EventType "swiss (blitz)"]
[EventRounds "11"]
[EventCountry "USA"]
[SourceTitle "CBM 214 Extra"]
[Source "ChessBase"]
[SourceDate "2023.07.31"]
[SourceVersion "1"]
[SourceVersionDate "2023.07.31"]
[SourceQuality "1"]

1. e4 g6 2. d4 Bg7 3. f4 c5 4. c3 cxd4 5. cxd4 d5 6. e5 h5 7. Nc3 Nh6 8. Nf3 0-0 9. Bd3 Bf5 10. Be2 Bg4 11. Be3 e6 12. Bf2 Nc6 13. 0-0 a6 14. a3 Nf5 15. b4 Rc8 16. Na4 Bh6 17. Qd2 f6 18. Nc5 Qe7 19. exf6 Rxf6 20. Rae1 Rcf8 21. Ng5 Bxe2 22. Rxe2 Nfxd4 23. Bxd4 Nxd4 24. Qxd4 Bxg5 25. g3 Bh6 26. Rfe1 Bg7 27. Nxe6 Rxe6 28. Qxd5 Kh7 29. Rxe6 Qc7 30. Re7 Qc3 31. Qe5 1-0

[Event "Titled Tuesday intern op 16th May Early"]
[Site "Chess.com INT"]
[Date "2023.05.16"]
[Round "6"]
[White "Colas, Joshua"]
[Black "Martic, Ivan"]
[Result "1-0"]
[WhiteElo "2342"]
[BlackElo "2301"]
[PlyCount "69"]
[EventDate "2023.05.16"]
[EventType "swiss (blitz)"]
[EventRounds "11"]
[EventCountry "USA"]
[SourceTitle "CBM 214 Extra"]
[Source "ChessBase"]
[SourceDate "2023.07.31"]
[SourceVersion "1"]
[SourceVersionDate "2023.07.31"]
[SourceQuality "1"]

1. Nf3 g6 2. g3 Bg7 3. Bg2 f5 4. 0-0 Nf6 5. d3 0-0 6. e4 d6 7. exf5 gxf5 8. d4 e6 9. c4 Kh8 10. Nc3 Qe8 11. Re1 Qh5 12. Ng5 Qxd1 13. Nxd1 Re8 14. Nc3 h6 15. Nh3 Kg8 16. Bd2 Nc6 17. Nb5 Re7 18. d5 exd5 19. Rxe7 Nxe7 20. Nxc7 Rb8 21. cxd5 Bd7 22. Re1 Kf7 23. Nf4 Rc8 24. Nce6 Bh8 25. Bc3 Ng6 26. Nxg6 Kxg6 27. Nf4+ Kf7 28. Bf3 b5 29. a3 Bg7 30. Kg2 Rc4 31. Nh5 Nxh5 32. Bxh5+ Kf8 33. Bxg7+ Kxg7 34. Re7+ Kf6 35. Rxd7 1-0